| 000 | 00424cam a2200181ua 4500 | ||
|---|---|---|---|
| 001 | 3826 | ||
| 008 | 111221n ii |||gr||||Z||||||asm | ||
| 040 | _cMAIN | ||
| 082 | _a780 | ||
| 100 | _aGoswami, Bhringu Mohan, | ||
| 245 | 1 | 1 |
_aCharyapada _cby Bhringu Mohan Goswami |
| 250 | _a1st. | ||
| 260 |
_aGuwahati: _bChandra Prakash, _c2007. |
||
| 300 |
_a146p: _c23cm. |
||
| 653 | _aMusic | ||
| 653 | _aCharyapada | ||
| 942 | _cBK | ||
| 999 |
_c3650 _d3650 |
||